|
|
|
|
| LEADER |
01287nam a2200349Ia 4500 |
| 001 |
EBC296123 |
| 003 |
MiAaPQ |
| 005 |
20200520144314.0 |
| 006 |
m o d | |
| 007 |
cr cn||||||||| |
| 008 |
050607s2005 nju sb 001 0 eng d |
| 010 |
|
|
|z 2005050603
|
| 020 |
|
|
|z 9812564071 (alk. paper)
|
| 035 |
|
|
|a (MiAaPQ)EBC296123
|
| 035 |
|
|
|a (Au-PeEL)EBL296123
|
| 035 |
|
|
|a (CaPaEBR)ebr10174017
|
| 035 |
|
|
|a (CaONFJC)MIL137264
|
| 035 |
|
|
|a (OCoLC)476063507
|
| 040 |
|
|
|a MiAaPQ
|c MiAaPQ
|d MiAaPQ
|
| 050 |
|
4 |
|a HG4012
|b .M33 2005
|
| 082 |
0 |
4 |
|a 332/.01/5118
|2 22
|
| 100 |
1 |
|
|a MacMinn, Richard D.
|
| 245 |
1 |
4 |
|a The Fisher model and financial markets
|h [electronic resource] /
|c by Richard D. MacMinn.
|
| 260 |
|
|
|a Hackensack, NJ :
|b World Scientific Pub.,
|c 2005.
|
| 300 |
|
|
|a xi, 108 p.
|
| 504 |
|
|
|a Includes bibliographical references and index.
|
| 533 |
|
|
|a Electronic reproduction. Ann Arbor, MI : ProQuest, 2015. Available via World Wide Web. Access may be limited to ProQuest affiliated libraries.
|
| 650 |
|
0 |
|a Corporations
|x Finance
|x Mathematical models.
|
| 650 |
|
0 |
|a Finance
|x Mathematical models.
|
| 655 |
|
4 |
|a Electronic books.
|
| 710 |
2 |
|
|a ProQuest (Firm)
|
| 856 |
4 |
0 |
|u https://ebookcentral.proquest.com/lib/matrademy/detail.action?docID=296123
|z Click to View
|